书目信息 |
| 题名: |
花式咖啡调酒独家配方
|
|
| 作者: | 林琳 , 柳经蕊 , 孙琳 编著 | |
| 分册: | ||
| 出版信息: | 北京 化学工业出版社 2007 |
|
| 页数: | 92页 | |
| 开本: | 24cm | |
| 丛书名: | ||
| 单 册: | ||
| 中图分类: | TS273.4 | |
| 科图分类: | ||
| 主题词: | 咖啡--饮料--制作 , 咖啡 , 饮料 | |
| 电子资源: | ||
| ISBN: | 978-7-122-01287-6 | |
| 000 | 01102nam0 2200313 45 | |
| 001 | 1029935206 | |
| 005 | 20100429095154.85 | |
| 010 | @a978-7-122-01287-6@dCNY26.00 | |
| 100 | @a20100420d20072009em y0chiy50 ea | |
| 101 | 0 | @achi |
| 102 | @aCN@b110000 | |
| 105 | @aa z 000yy | |
| 106 | @ar | |
| 200 | 1 | @a花式咖啡调酒独家配方@AHua Shi Ka Fei Diao Jiu Du Jia Pei Fang@f林琳, 柳经蕊, 孙琳编著@FLin Lin, Liu Jing Rui, Sun Lin Bian Zhu |
| 210 | @a北京@c化学工业出版社@d2007@h2009印 | |
| 215 | @a92页@c彩图@d24cm | |
| 300 | @a时尚饮品馆 | |
| 312 | @a封面英文题名:Hot coffee with wine | |
| 330 | @a本书首度将最受欢迎花式咖啡调酒配方集纳成册,并配以详细步骤讲解,包括“传统花式咖啡与调酒”、“流行花式咖啡与调酒”、“创意花式咖啡与调酒”等款。 | |
| 510 | 1 | @aHot coffee with wine@zeng |
| 606 | 0 | @a咖啡@x饮料@x制作 |
| 606 | 0 | @a咖啡 |
| 606 | 0 | @a饮料 |
| 690 | @aTS273.4@v4 | |
| 701 | 0 | @a林琳@ALin Lin@g(饮料)@4编著 |
| 701 | 0 | @a柳经蕊@ALiu Jing Rui@4编著 |
| 701 | 0 | @a孙琳@ASun Lin@g(饮料)@4编著 |
| 801 | 0 | @aCN@bTANGWEI@c20100429 |
| 905 | @b0594517-21@dTS273.4@e138@f5 | |
| 花式咖啡调酒独家配方/林琳, 柳经蕊, 孙琳编著.-北京:化学工业出版社,2007(2009印) |
| 92页:彩图;24cm |
| 时尚饮品馆 |
| ISBN 978-7-122-01287-6:CNY26.00 |
| 本书首度将最受欢迎花式咖啡调酒配方集纳成册,并配以详细步骤讲解,包括“传统花式咖啡与调酒”、“流行花式咖啡与调酒”、“创意花式咖啡与调酒”等款。 |
| ● |
| 相关链接 |
|
|
|
|
正题名:花式咖啡调酒独家配方
索取号:TS273.4/138
 
预约/预借
| 序号 | 登录号 | 条形码 | 馆藏地/架位号 | 状态 | 备注 |
| 1 | 0594517 | 205945174 | 第二样本阅览室/ [索取号:TS273.4/138] | 在馆 | |
| 2 | 0594518 | 205945183 | 第三借阅区/ [索取号:TS273.4/138] | 在馆 | |
| 3 | 0594519 | 205945192 | 第三借阅区/ [索取号:TS273.4/138] | 在馆 | |
| 4 | 0594520 | 205945209 | 第三借阅区/ [索取号:TS273.4/138] | 在馆 | |
| 5 | 0594521 | 205945218 | 第三借阅区/ [索取号:TS273.4/138] | 在馆 |